Sandino: guerrillero inmortal. A los 47 años de su asesinato /
Na minha lista:
| Autor principal: | |
|---|---|
| Outros Autores: | |
| Formato: | Texto |
| Publicado em: |
Caracas:
Centauro
|
| Tags: |
Adicionar Tag
Sem tags, seja o primeiro a adicionar uma tag!
|
MARC
| LEADER | 00000 a a2200000 04500 | ||
|---|---|---|---|
| 001 | 24728 | ||
| 003 | |||
| 040 | |||
| 090 | |a 173100 | ||
| 100 | |a Ramírez, Sergio | ||
| 245 | |a Sandino: guerrillero inmortal. A los 47 años de su asesinato / |c Sergio Ramírez | ||
| 260 | |a Caracas: |b Centauro | ||
| 300 | |a 35 p. |b il. | ||
| 700 | |a Borge, Tomás |a Torres Rivas, Edelberto | ||
| 999 | |c 5107 |d 5107 | ||
